000 01084cam a2200229 4500
001 ABS65527
008 020605n2002 000 0 eng u
035 _a(Sirsi) u118283
100 _aBowen, J
245 _aLong on data, short on advice
260 _c2002
490 _aEstates Gazette
_v(0218) 4 May 2002, 135(1)
520 _aDiscusses the way information technology fails to support the requirements of landlords, agents and managers to collate data for management decisions. The problems include software design that is overly complex, as well as the increasing amount of electronic data kept now that previously would not have been recorded. Lists what can be done to extract more information from the data and the sort of system required to help make sense of the data.
590 _aABS
650 _aMANAGEMENT-BUSINESS MANAGEMENT-INFORMATION MANAGEMENT
650 _aLANDLORDS
650 _aPROPERTY AGENTS
650 _aProperty management
_96262
650 _aDATA STORAGE
690 _aMANAGEMENT-BUSINESS MANAGEMENT-INFORMATION MANAGEMENT
942 _n0
999 _c70417
_d70417